[Event "Wiesbaden op 29th"]
[Site "Wiesbaden"]
[Date "2017.08.27"]
[Round "7"]
[White "Biegler, Markus"]
[Black "Chandler, Patrick"]
[Result "0-1"]
[WhiteElo "2071"]
[BlackElo "2211"]
[PlyCount "120"]
[EventDate "2017.08.24"]
[EventType "swiss"]
[EventRounds "7"]
[EventCountry "GER"]
[SourceTitle "CBM 180 Extra"]
[Source "ChessBase"]
[SourceDate "2017.10.06"]
[SourceVersion "1"]
[SourceVersionDate "2017.10.06"]
[SourceQuality "1"]

1. c4 e5 2. Nc3 Nc6 3. g3 g6 4. Bg2 Bg7 5. d3 Nce7 6. Qa4 c6 7. c5 d5 8. cxd6 Qxd6 9. Nf3 Nf6 10. 0-0 0-0 11. b3 Qc7 12. Ba3 Re8 13. Rac1 Nf5 14. Ne4 Nxe4 15. dxe4 Nh6 16. Rfd1 Bf8 17. Bxf8 Kxf8 18. h3 f6 19. Qb4+ Qe7 20. Qc3 Be6 21. Rd3 Nf7 22. Rcd1 a5 23. Nd2 Qb4 24. Nc4 Bxc4 25. Qxc4 Qxc4 26. bxc4 Red8 27. c5 Ke7 28. h4 Rxd3 29. Rxd3 Rd8 30. Ra3 Rd1+ 31. Kh2 Rd2 32. Bf3 Nd8 33. Rxa5 Rc2 34. h5 f5 35. exf5 gxf5 36. h6 e4 37. Bh5 Kf6 38. Ra8 Rd2 39. Kg1 Kg5 40. Be8 Ne6 41. Bf7 Nxc5 42. Rg8+ Kxh6 43. f3 exf3 44. exf3 Rd7 45. Bc4 Rg7 46. Rxg7 Kxg7 47. Kf2 Kf6 48. Ke3 Ke5 49. Bg8 h6 50. Bc4 Ne6 51. Bb3 f4+ 52. Kf2 Nd4 53. Bd1 Nf5 54. gxf4+ Kxf4 55. Bc2 Nd4 56. Be4 Nb5 57. Bg6 Nc3 58. a3 b5 59. Be8 c5 60. Bf7 Nb1 0-1

[Event "Wiesbaden op 29th"]
[Site "Wiesbaden"]
[Date "2017.08.26"]
[Round "5"]
[White "Biegler, Markus"]
[Black "Thomele, Michael"]
[Result "1-0"]
[WhiteElo "2071"]
[BlackElo "1908"]
[PlyCount "133"]
[EventDate "2017.08.24"]
[EventType "swiss"]
[EventRounds "7"]
[EventCountry "GER"]
[SourceTitle "CBM 180 Extra"]
[Source "ChessBase"]
[SourceDate "2017.10.06"]
[SourceVersion "1"]
[SourceVersionDate "2017.10.06"]
[SourceQuality "1"]

1. c4 e5 2. Nc3 Nc6 3. g3 Nf6 4. Bg2 d6 5. d3 h6 6. Rb1 a5 7. a3 g6 8. b4 axb4 9. axb4 Bg7 10. b5 Ne7 11. Qb3 0-0 12. e3 Kh7 13. Nge2 Nh5 14. 0-0 f5 15. f4 g5 16. Bd2 Qe8 17. Rbe1 Qg6 18. Kh1 Nf6 19. Kg1 Kh8 20. Qb4 Nd7 21. Na4 Qe6 22. Nec3 Rb8 23. Nd5 Nxd5 24. cxd5 Qe7 25. Rc1 Nf6 26. fxe5 Qxe5 27. e4 fxe4 28. dxe4 Qe7 29. Bc3 Ng4 30. Bxg7+ Qxg7 31. Rxf8+ Qxf8 32. Qd4+ Ne5 33. Rxc7 Kg8 34. Nb6 Bh3 35. Qf2 Qd8 36. Qc2 Bg4 37. h3 Bd1 38. Qc1 Be2 39. Rc8 Rxc8 40. Qxc8 Qxc8 41. Nxc8 Nf7 42. Bf1 Bf3 43. Bd3 Kg7 44. Kf2 Bh1 45. Ke3 Bg2 46. h4 Bh3 47. Nb6 Bg2 48. Nc4 Kf6 49. Kd4 Ke7 50. Na5 Nd8 51. e5 gxh4 52. gxh4 dxe5+ 53. Kxe5 Nf7+ 54. Kd4 Nd6 55. b6 Bf3 56. Kc5 Bg2 57. Nc4 Ne8 58. Ne3 Bh1 59. Nf5+ Kf6 60. Nxh6 Ke5 61. Nf7+ Kf6 62. Nd8 Ke5 63. Nf7+ Kf6 64. Nd6 Ng7 65. Ba6 Ne6+ 66. Kc4 Nd8 67. Nxb7 1-0

[Event "Boeblinger op 30th"]
[Site "Boeblingen"]
[Date "2013.12.26"]
[Round "1"]
[White "Biegler, Markus"]
[Black "Burmakin, Vladimir"]
[Result "0-1"]
[WhiteElo "2117"]
[BlackElo "2585"]
[PlyCount "94"]
[EventDate "2013.12.26"]
[EventType "swiss"]
[EventRounds "9"]
[EventCountry "GER"]
[SourceTitle "CBM 158 Extra"]
[Source "ChessBase"]
[SourceDate "2014.02.28"]
[SourceVersion "1"]
[SourceVersionDate "2014.02.28"]
[SourceQuality "1"]

1. c4 c6 2. e4 d5 3. exd5 cxd5 4. d4 Nf6 5. Nc3 g6 6. Nf3 Bg7 7. Bg5 Ne4 8. cxd5 Nxg5 9. Nxg5 Qb6 10. Bb5+ Bd7 11. Qb3 Bxd4 12. 0-0 0-0 13. Bc4 Na6 14. Rad1 Rac8 15. Qxb6 Bxb6 16. d6 e6 17. Nce4 Bd8 18. Bb3 Nc5 19. Nxc5 Rxc5 20. Ne4 Re5 21. Rfe1 Kg7 22. Nc3 Rxe1+ 23. Rxe1 Bf6 24. Rd1 Rc8 25. Ba4 Bxa4 26. Nxa4 Rc2 27. Kf1 Kf8 28. Rd3 Rc4 29. b3 Rc1+ 30. Ke2 Ke8 31. d7+ Kd8 32. Rf3 Bd4 33. Rxf7 b5 34. Kd2 Rc6 35. Kd3 e5 36. f4 bxa4 37. fxe5 Bxe5 38. Rf8+ Kxd7 39. Rf7+ Ke6 40. Rxa7 axb3 41. axb3 Bxh2 42. Rxh7 Be5 43. Ke4 Rb6 44. Rh3 Rb4+ 45. Kf3 Rxb3+ 46. Kg4 Rxh3 47. gxh3 Bf6 0-1

[Event "Oberliga Sued W 1112"]
[Site "Germany"]
[Date "2012.03.18"]
[Round "8"]
[White "Biegler, Markus"]
[Black "Thiery, Christoph"]
[Result "1-0"]
[WhiteElo "2133"]
[BlackElo "2229"]
[PlyCount "63"]
[EventDate "2011.09.25"]
[EventType "team-tourn"]
[EventRounds "9"]
[EventCountry "GER"]
[SourceTitle "EXT 2013"]
[Source "ChessBase"]
[SourceDate "2012.11.22"]
[SourceVersion "1"]
[SourceVersionDate "2012.11.22"]
[SourceQuality "1"]
[WhiteTeam "Illingen"]
[BlackTeam "Saarbruecken Gambit"]
[WhiteTeamCountry "GER"]
[BlackTeamCountry "GER"]

1. c4 e5 2. Nc3 Nf6 3. Nf3 Nc6 4. g3 d5 5. cxd5 Nxd5 6. Bg2 Nb6 7. 0-0 Be7 8. a3 Be6 9. b4 Nd4 10. Rb1 Nxf3+ 11. Bxf3 c6 12. d3 0-0 13. Bb2 Nd7 14. Na4 a5 15. Nc5 Nxc5 16. bxc5 Bh3 17. Re1 Bxc5 18. Bxe5 Bxa3 19. Rxb7 Bb4 20. Bxc6 Rc8 21. Be4 Re8 22. Bf4 Bxe1 23. Qxe1 f5 24. Qa1 Qf6 25. Bd5+ Kh8 26. Qxf6 gxf6 27. Bh6 Rg8 28. Bxg8 Kxg8 29. Rg7+ Kh8 30. Ra7 Kg8 31. f3 Rc1+ 32. Bxc1 1-0

[Event "Oberliga Sued W 1112"]
[Site "Germany"]
[Date "2011.10.23"]
[Round "2"]
[White "Biegler, Markus"]
[Black "Vogler, Tilmann"]
[Result "0-1"]
[WhiteElo "2133"]
[BlackElo "2290"]
[PlyCount "86"]
[EventDate "2011.09.25"]
[EventType "team-tourn"]
[EventRounds "9"]
[EventCountry "GER"]
[SourceTitle "EXT 2013"]
[Source "ChessBase"]
[SourceDate "2012.11.22"]
[SourceVersion "1"]
[SourceVersionDate "2012.11.22"]
[SourceQuality "1"]
[WhiteTeam "Illingen"]
[BlackTeam "Schott Mainz II"]
[WhiteTeamCountry "GER"]
[BlackTeamCountry "GER"]

1. c4 b5 2. cxb5 a6 3. e3 e5 4. d4 e4 5. Ne2 d5 6. Nec3 f5 7. Nd2 Nf6 8. Nb3 axb5 9. Bxb5+ c6 10. Be2 Bd6 11. Nc5 h5 12. b4 Ng4 13. h4 Nd7 14. g3 Nxc5 15. dxc5 Be5 16. Bb2 Qf6 17. Rc1 0-0 18. a4 Be6 19. b5 Rad8 20. Bxg4 hxg4 21. Qc2 d4 22. exd4 Rxd4 23. Nd1 Rxd1+ 24. Rxd1 Bxb2 25. 0-0 Be5 26. b6 g5 27. hxg5 Qxg5 28. Rfe1 Kf7 29. Kg2 Rh8 30. Rh1 Rxh1 31. Rxh1 e3 32. Re1 Bd5+ 33. Kf1 Bd4 34. fxe3 Be5 35. Qh2 Kg6 36. Kf2 Qd8 37. Kg1 Qa8 38. Qc2 Be4 39. Qc4 Qh8 40. Rc1 Qh1+ 41. Kf2 Qg2+ 42. Ke1 Bxg3+ 43. Kd1 Bf3+ 0-1

[Event "Oberliga Sued W 1011"]
[Site "Germany"]
[Date "2011.02.27"]
[Round "7.4"]
[White "Lantzsch, Christian"]
[Black "Biegler, Markus"]
[Result "1-0"]
[WhiteElo "2128"]
[BlackElo "2059"]
[PlyCount "91"]
[EventDate "2010.10.10"]
[EventType "team-tourn"]
[EventRounds "9"]
[EventCountry "GER"]
[SourceTitle "EXT 2012"]
[Source "ChessBase"]
[SourceDate "2011.11.24"]
[SourceVersion "1"]
[SourceVersionDate "2011.11.24"]
[SourceQuality "1"]
[WhiteTeam "Heidesheim"]
[BlackTeam "Illingen"]
[WhiteTeamCountry "GER"]
[BlackTeamCountry "GER"]

1. b3 e6 2. Bb2 d5 3. e3 b6 4. Nf3 Nf6 5. Ne5 Bb7 6. d4 Be7 7. Nd2 0-0 8. Bd3 Nbd7 9. Qf3 c5 10. Qh3 Rc8 11. Nxd7 Qxd7 12. dxc5 Ne4 13. f3 Ng5 14. Qg3 f6 15. cxb6 axb6 16. 0-0 e5 17. h4 Nf7 18. a4 Bc5 19. Rfe1 Qe7 20. Kh1 Bb4 21. Re2 Nd6 22. e4 Bxd2 23. Rxd2 dxe4 24. fxe4 Rfd8 25. Re2 Bc6 26. Ba3 Qb7 27. Qg4 Bd7 28. Qg3 Bc6 29. Rae1 Rc7 30. Kh2 Be8 31. Rf2 Kh8 32. Qxe5 Nf7 33. Qg3 Ne5 34. Qxe5 Bxa4 35. Qg3 Bc6 36. e5 Rf7 37. exf6 gxf6 38. Bb2 Rg8 39. Qf4 Rxg2+ 40. Rxg2 Bxg2 41. Bxf6+ Kg8 42. Re8+ Rf8 43. Bc4+ Bd5 44. Qg5+ Kf7 45. Bxd5+ Qxd5 46. Qxd5+ 1-0

[Event "Oberliga Sued W 1011"]
[Site "Germany"]
[Date "2010.10.10"]
[Round "1.4"]
[White "Biegler, Markus"]
[Black "Koehler, Patrick"]
[Result "1/2-1/2"]
[WhiteElo "2059"]
[BlackElo "2072"]
[PlyCount "121"]
[EventDate "2010.10.10"]
[EventType "team-tourn"]
[EventRounds "9"]
[EventCountry "GER"]
[SourceTitle "EXT 2012"]
[Source "ChessBase"]
[SourceDate "2011.11.24"]
[SourceVersion "1"]
[SourceVersionDate "2011.11.24"]
[SourceQuality "1"]
[WhiteTeam "Illingen"]
[BlackTeam "Mutterstadt"]
[WhiteTeamCountry "GER"]
[BlackTeamCountry "GER"]

1. c4 g6 2. Nc3 Bg7 3. g3 Nf6 4. Bg2 0-0 5. e4 d6 6. Nge2 c5 7. 0-0 Nc6 8. a3 Bd7 9. Rb1 Qc8 10. d3 Bh3 11. Nf4 Bxg2 12. Kxg2 Ne8 13. Be3 Nc7 14. Qd2 a5 15. b3 Rb8 16. Nb5 Nxb5 17. cxb5 Nd4 18. a4 b6 19. Nd5 Qb7 20. h4 e6 21. Nf4 Rbd8 22. Rfe1 d5 23. Bxd4 dxe4 24. Be3 e5 25. Nh3 exd3+ 26. f3 Rfe8 27. Nf2 f5 28. Rbc1 Rd7 29. Rc4 Qd5 30. Nd1 e4 31. Rf1 Rde7 32. f4 h5 33. Kh2 Qe6 34. Re1 Qf6 35. Nc3 Rd7 36. Nb1 Kh7 37. Kg2 Kg8 38. Kf2 Kh7 39. Na3 Qe6 40. Rb1 Bf6 41. Rcc1 Qd5 42. Nc4 Re6 43. Re1 Qa8 44. Rbd1 Qd8 45. Kg2 Qa8 46. Kh3 Qd8 47. Qc1 Qh8 48. Qb1 Qd8 49. Bc1 Bc3 50. Bd2 Bf6 51. Qc1 Qh8 52. Ne3 Red6 53. Nc4 Re6 54. Be3 Qd8 55. Nd2 Red6 56. Qc4 Re7 57. Nb1 Qh8 58. Bd2 Qd8 59. Qc1 Bd4 60. Be3 Rf6 61. Bd2 1/2-1/2

[Event "Oberliga Sued W 0910"]
[Site "Germany"]
[Date "2010.02.07"]
[Round "6.6"]
[White "Silber, Gerhard"]
[Black "Biegler, Markus"]
[Result "1/2-1/2"]
[WhiteElo "2232"]
[BlackElo "2111"]
[PlyCount "89"]
[EventDate "2009.10.18"]
[EventType "team-tourn"]
[EventRounds "9"]
[EventCountry "GER"]
[SourceTitle "EXT 2011"]
[Source "ChessBase"]
[SourceDate "2010.11.26"]
[SourceVersion "1"]
[SourceVersionDate "2010.11.26"]
[SourceQuality "1"]
[WhiteTeam "Landau"]
[BlackTeam "Illingen"]
[WhiteTeamCountry "GER"]
[BlackTeamCountry "GER"]

1. d4 e6 2. e4 d5 3. Nc3 Nf6 4. Bg5 Be7 5. e5 Nfd7 6. Bxe7 Qxe7 7. f4 a6 8. Nf3 c5 9. dxc5 Nxc5 10. Bd3 Nc6 11. 0-0 b6 12. Qe2 Bb7 13. Rae1 0-0-0 14. a3 Kb8 15. b4 Nxd3 16. cxd3 d4 17. Ne4 Na7 18. Nd6 Nb5 19. Nxb5 axb5 20. Ng5 Rc8 21. Ne4 Bxe4 22. Qxe4 Qd7 23. f5 Rhe8 24. Rf4 exf5 25. Qxd4 Qxd4+ 26. Rxd4 Rcd8 27. Rxd8+ Rxd8 28. e6 fxe6 29. Rxe6 Kc7 30. Re3 Kd6 31. Kf2 Ra8 32. Rh3 h6 33. Rf3 g6 34. g4 Ke5 35. Re3+ Kd5 36. gxf5 gxf5 37. Rf3 Ke5 38. Rh3 Kf4 39. Rxh6 Rxa3 40. Rh4+ Ke5 41. Ke3 Rb3 42. h3 Rb1 43. Ke2 Rb2+ 44. Kf3 Rb3 45. Ke3 1/2-1/2

[Event "Oberliga Sued W 0910"]
[Site "Germany"]
[Date "2009.11.15"]
[Round "2.6"]
[White "Biegler, Markus"]
[Black "Buermann, Jan"]
[Result "1-0"]
[WhiteElo "2111"]
[BlackElo "2120"]
[PlyCount "83"]
[EventDate "2009.10.18"]
[EventType "team-tourn"]
[EventRounds "9"]
[EventCountry "GER"]
[SourceTitle "EXT 2011"]
[Source "ChessBase"]
[SourceDate "2010.11.26"]
[SourceVersion "1"]
[SourceVersionDate "2010.11.26"]
[SourceQuality "1"]
[WhiteTeam "Illingen"]
[BlackTeam "Schwarzenbach"]
[WhiteTeamCountry "GER"]
[BlackTeamCountry "GER"]

1. c4 Nf6 2. Nc3 c5 3. g3 d5 4. cxd5 Nxd5 5. Bg2 Nc7 6. Nf3 Nc6 7. 0-0 e5 8. d3 Be7 9. Nd2 0-0 10. Nc4 f6 11. f4 exf4 12. gxf4 Be6 13. f5 Bf7 14. Qe1 Nd4 15. Qg3 Kh8 16. Bxb7 Rb8 17. Qg2 Qd7 18. Be4 Ncb5 19. Bf4 Bd6 20. e3 Bxf4 21. Rxf4 Nxc3 22. bxc3 Nb5 23. Qc2 Bd5 24. Nd2 Na3 25. Qc1 Bxe4 26. Nxe4 Qxd3 27. Nxc5 Qc2 28. Qxc2 Nxc2 29. Rc1 Rfc8 30. Nd7 Rb2 31. c4 Nxe3 32. Rf3 Rxc4 33. Rxc4 Nxc4 34. Rc3 Rb4 35. a3 Ra4 36. Nc5 Rxa3 37. Rxc4 g6 38. Ne6 Kg8 39. Rc8+ Kf7 40. Rc7+ Kg8 41. Rg7+ Kh8 42. Rf7 1-0

[Event "Neckar op-A 13th"]
[Site "Deizisau"]
[Date "2009.??.??"]
[Round "1"]
[White "Biegler, Markus"]
[Black "Braun, Arik"]
[Result "0-1"]
[WhiteElo "2113"]
[BlackElo "2564"]
[PlyCount "81"]
[EventDate "2009.04.09"]
[EventType "swiss"]
[EventRounds "9"]
[EventCountry "GER"]
[SourceTitle "CBM 129 Extra"]
[Source "ChessBase"]
[SourceDate "2009.05.05"]
[SourceVersion "2"]
[SourceVersionDate "2009.05.20"]
[SourceQuality "1"]

1. c4 Nf6 2. Nc3 e6 3. e4 c5 4. e5 Ng8 5. Nf3 Nc6 6. d4 cxd4 7. Nxd4 Nxe5 8. Ndb5 f6 9. Be3 Nh6 10. Bxh6 gxh6 11. Be2 Qb6 12. Bh5+ Ng6 13. Qd3 Kf7 14. 0-0-0 a6 15. Nd6+ Bxd6 16. Qxd6 Qxd6 17. Rxd6 Ke7 18. c5 b5 19. Rhd1 Ra7 20. g3 Rc7 21. b4 Bb7 22. f4 Ra8 23. a3 Bc6 24. Kb2 a5 25. Be2 Rb7 26. Re1 Kf7 27. Bd3 Ne7 28. Be4 f5 29. Bc2 h5 30. Bb3 h4 31. Re3 Rg8 32. Ne2 axb4 33. axb4 Nd5 34. Bxd5 Bxd5 35. Nd4 Ra8 36. Nxf5 Ra2+ 37. Kc3 Rba7 38. Nxh4 R7a3+ 39. Kd4 Ra8 40. Nf5 Bc6 41. Kc3 0-1

[Event "Boeblingen op 24th"]
[Site "Boeblingen"]
[Date "2007.12.27"]
[Round "3"]
[White "Graf, Felix"]
[Black "Biegler, Markus"]
[Result "1-0"]
[WhiteElo "2241"]
[BlackElo "2096"]
[PlyCount "77"]
[EventDate "2007.12.26"]
[EventType "swiss"]
[EventRounds "9"]
[EventCountry "GER"]
[SourceTitle "CBM 122 Extra"]
[Source "ChessBase"]
[SourceDate "2008.03.04"]
[SourceVersion "1"]
[SourceVersionDate "2008.03.04"]
[SourceQuality "1"]

1. d4 e6 2. c4 f5 3. g3 Nf6 4. Bg2 c6 5. d5 cxd5 6. cxd5 Nxd5 7. Bxd5 exd5 8. Nf3 Bb4+ 9. Bd2 Nc6 10. 0-0 0-0 11. Bf4 d4 12. Nxd4 Nxd4 13. Qxd4 Qb6 14. Qc4+ d5 15. Qxd5+ Be6 16. Qf3 Rac8 17. Nc3 Qc6 18. Qxc6 Rxc6 19. Be5 g5 20. a3 Ba5 21. Rfd1 f4 22. Ne4 h6 23. gxf4 gxf4 24. f3 Rf5 25. Bd4 Rc2 26. b4 Bb6 27. Bxb6 axb6 28. Kf2 Re5 29. Rac1 Bb3 30. Rxc2 Bxc2 31. Rd8+ Kf7 32. Rd7+ Re7 33. Rd6 Re6 34. Rd7+ Re7 35. Rxe7+ Kxe7 36. e3 fxe3+ 37. Kxe3 Ke6 38. Nc3 Bb3 39. f4 1-0

[Event "Oberliga Sued W 0607"]
[Site "Germany"]
[Date "2006.11.19"]
[Round "3.7"]
[White "Bohn, Ulrich"]
[Black "Biegler, Markus"]
[Result "0-1"]
[WhiteElo "2226"]
[BlackElo "2130"]
[PlyCount "71"]
[EventDate "2006.10.15"]
[EventType "team-tourn"]
[EventRounds "9"]
[EventCountry "GER"]
[SourceTitle "EXT 2009"]
[Source "ChessBase"]
[SourceDate "2008.11.26"]
[SourceVersion "1"]
[SourceVersionDate "2008.11.26"]
[SourceQuality "1"]
[WhiteTeam "Koblenz"]
[BlackTeam "Illingen"]
[WhiteTeamCountry "GER"]
[BlackTeamCountry "GER"]

1. e4 e6 2. d4 d5 3. exd5 exd5 4. Nf3 Bd6 5. c4 c6 6. cxd5 cxd5 7. Bb5+ Bd7 8. Qe2+ Ne7 9. Ne5 Bxb5 10. Qxb5+ Nbc6 11. Nxc6 bxc6 12. Qd3 0-0 13. 0-0 Qc7 14. g3 Rab8 15. b3 Rfd8 16. Nc3 Qd7 17. Kg2 Qf5 18. Rd1 Qf6 19. Bb2 Nf5 20. Ne2 Re8 21. Rac1 Rbc8 22. Rc2 Re4 23. Ng1 h5 24. Qa6 Rce8 25. Nf3 h4 26. Ne5 Re6 27. Rd3 Bxe5 28. dxe5 Qg6 29. Bc1 R4xe5 30. Rdc3 Nd4 31. Rb2 Qe4+ 32. f3 h3+ 33. Kxh3 Nxf3 34. g4 d4 35. Rc4 Ng1+ 36. Kg3 0-1

[Event "Oberliga Sued W 0506"]
[Site "Germany"]
[Date "2006.01.29"]
[Round "6.7"]
[White "Haag, Guenter"]
[Black "Biegler, Markus"]
[Result "0-1"]
[WhiteElo "1955"]
[BlackElo "2061"]
[PlyCount "132"]
[EventDate "2005.10.23"]
[EventType "team-tourn"]
[EventRounds "9"]
[EventCountry "GER"]
[SourceTitle "EXT 2007"]
[Source "ChessBase"]
[SourceDate "2006.11.23"]
[SourceVersion "1"]
[SourceVersionDate "2006.11.23"]
[SourceQuality "1"]
[WhiteTeam "Mutterstadt"]
[BlackTeam "Illingen"]
[WhiteTeamCountry "GER"]
[BlackTeamCountry "GER"]

1. e4 e6 2. d4 d5 3. e5 c5 4. c3 Nc6 5. Be3 Bd7 6. Nf3 Qb6 7. Qb3 f6 8. Nbd2 fxe5 9. Qxb6 axb6 10. Nxe5 Nxe5 11. dxe5 Ne7 12. Nf3 Nf5 13. Bd2 Be7 14. Bd3 0-0 15. Bg5 Bxg5 16. Nxg5 Ra4 17. 0-0 h6 18. Nf3 Bc6 19. Nd2 g5 20. f3 Kg7 21. a3 Ne7 22. g3 Be8 23. Rae1 Bg6 24. Bxg6 Nxg6 25. Rf2 b5 26. Nb3 b6 27. Kg2 Ne7 28. Nc1 b4 29. axb4 cxb4 30. b3 Ra1 31. cxb4 Rc8 32. Nd3 Rxe1 33. Nxe1 Rc3 34. Rb2 Nc6 35. Rc2 Rxc2+ 36. Nxc2 Nxe5 37. Nd4 Kf6 38. b5 Nd3 39. Kf1 Ke5 40. Nc6+ Kd6 41. b4 Ne5 42. Nd4 Nc4 43. Ke2 Ke5 44. Kd3 Nd6 45. h4 gxh4 46. f4+ Kf6 47. gxh4 Nf5 48. Nf3 Kg6 49. Ne5+ Kh5 50. Nd7 Nd6 51. Nxb6 Nxb5 52. f5 exf5 53. Nxd5 Kxh4 54. Ke3 Kg4 55. Nf6+ Kg5 56. Nd5 h5 57. Kf3 h4 58. Kg2 f4 59. Kh3 f3 60. Ne3 Nd4 61. Nf1 Kf4 62. Kxh4 f2 63. Kh3 Kf3 64. Nh2+ Ke2 65. Kg2 Nf3 66. Nf1 Ne1+ 0-1

[Event "Oberliga Sued W 0506"]
[Site "Germany"]
[Date "2006.01.15"]
[Round "5.7"]
[White "Biegler, Markus"]
[Black "Krieger, Hermann"]
[Result "1-0"]
[WhiteElo "2061"]
[BlackElo "2161"]
[PlyCount "152"]
[EventDate "2005.10.23"]
[EventType "team-tourn"]
[EventRounds "9"]
[EventCountry "GER"]
[SourceTitle "EXT 2007"]
[Source "ChessBase"]
[SourceDate "2006.11.23"]
[SourceVersion "1"]
[SourceVersionDate "2006.11.23"]
[SourceQuality "1"]
[WhiteTeam "Illingen"]
[BlackTeam "Ludwigshafen"]
[WhiteTeamCountry "GER"]
[BlackTeamCountry "GER"]

1. c4 f5 2. Nc3 Nf6 3. g3 g6 4. Bg2 Bg7 5. d4 0-0 6. Nh3 d6 7. Qb3 Nc6 8. d5 Na5 9. Qa4 b6 10. Nb5 Bd7 11. Qc2 c5 12. Nf4 a6 13. Na3 b5 14. 0-0 b4 15. Nb1 Qb6 16. b3 Rae8 17. Bb2 e5 18. dxe6 Bxe6 19. Nxe6 Rxe6 20. Bxf6 Rexf6 21. Nd2 Nc6 22. e3 Re8 23. Bd5+ Kh8 24. Rad1 Ne5 25. Nf3 Qc7 26. Kg2 h6 27. h4 Rff8 28. Rd2 Ng4 29. Re2 Qe7 30. Rh1 Nf6 31. Rd1 Ne4 32. Bc6 Rc8 33. Bxe4 fxe4 34. Ng1 Bc3 35. Rd5 Rce8 36. Qd1 Rd8 37. Rc2 Qf6 38. Qg4 Rde8 39. Qf4 Qxf4 40. gxf4 Re6 41. Ne2 Bf6 42. Kh3 Kg7 43. Rcd2 Be7 44. Ng3 Rd8 45. Rd1 Kf7 46. h5 gxh5 47. f5 Re5 48. Rxe5 dxe5 49. Rxd8 Bxd8 50. Nxh5 Be7 51. Kg4 Bf8 52. Ng3 Kg7 53. Nxe4 Kf7 54. Ng3 Be7 55. Nh5 Bg5 56. Kf3 Ke7 57. Ke4 Kd6 58. f4 exf4 59. Nxf4 Bf6 60. Nh3 Bc3 61. Ng1 Be5 62. Ne2 h5 63. Kf3 Bf6 64. Ng3 Ke5 65. Nxh5 Bg5 66. f6 Bh6 67. Ng3 Bf8 68. Ne4 Kf5 69. Ng3+ Kxf6 70. Ke4 Ke6 71. Nh5 Bh6 72. Nf4+ Kd6 73. Kf5 Bg7 74. e4 a5 75. Ng6 Bc3 76. e5+ Kd7 1-0

[Event "Oberliga Sued W 0506"]
[Site "Germany"]
[Date "2005.12.11"]
[Round "4.7"]
[White "Huerter, Helmut"]
[Black "Biegler, Markus"]
[Result "1/2-1/2"]
[WhiteElo "2251"]
[BlackElo "2061"]
[PlyCount "114"]
[EventDate "2005.10.23"]
[EventType "team-tourn"]
[EventRounds "9"]
[EventCountry "GER"]
[SourceTitle "EXT 2007"]
[Source "ChessBase"]
[SourceDate "2006.11.23"]
[SourceVersion "1"]
[SourceVersionDate "2006.11.23"]
[SourceQuality "1"]
[WhiteTeam "Kaiserslautern Mehlingen"]
[BlackTeam "Illingen"]
[WhiteTeamCountry "GER"]
[BlackTeamCountry "GER"]

1. e4 e6 2. Nc3 d5 3. d4 Nf6 4. Bg5 dxe4 5. Nxe4 Be7 6. Bxf6 gxf6 7. g3 Bd7 8. Qd2 f5 9. Nc3 Bc6 10. f3 Bg5 11. Qf2 Qd6 12. Bc4 Nd7 13. Nge2 Nb6 14. Bb3 0-0-0 15. Rf1 e5 16. f4 exd4 17. 0-0-0 Bf6 18. Rd2 Be4 19. Nb5 Qb4 20. Nbxd4 c5 21. a3 Qa5 22. Nf3 c4 23. Ba2 Bxb2+ 24. Kxb2 Rxd2 25. Nxd2 Qxd2 26. Nc3 Rd8 27. Qc5+ Kb8 28. Rf2 Qxc3+ 29. Kxc3 Na4+ 30. Kxc4 Nxc5 31. Kxc5 Rc8+ 32. Kd4 Bxc2 33. Bxf7 Be4 34. g4 b6 35. Be6 Rc5 36. gxf5 Bxf5 37. Bxf5 Rxf5 38. Ke4 Rf8 39. Ke5 Kc7 40. Ke6 Kd8 41. Rd2+ Ke8 42. f5 Rg8 43. Rd7 Rg2 44. Re7+ Kf8 45. Rxh7 a5 46. Kf6 Ke8 47. Rh3 b5 48. Rb3 b4 49. axb4 axb4 50. h4 Rg4 51. h5 Rh4 52. Re3+ Kf8 53. Rd3 Kg8 54. Rd7 b3 55. Rb7 Rh3 56. Rb8+ Kh7 57. Rb7+ Kg8 1/2-1/2

[Event "Oberliga Sued W 0506"]
[Site "Germany"]
[Date "2005.11.13"]
[Round "2.7"]
[White "Seger, Jan"]
[Black "Biegler, Markus"]
[Result "1-0"]
[WhiteElo "2123"]
[BlackElo "2061"]
[PlyCount "57"]
[EventDate "2005.10.23"]
[EventType "team-tourn"]
[EventRounds "9"]
[EventCountry "GER"]
[SourceTitle "EXT 2007"]
[Source "ChessBase"]
[SourceDate "2006.11.23"]
[SourceVersion "1"]
[SourceVersionDate "2006.11.23"]
[SourceQuality "1"]
[WhiteTeam "Landau"]
[BlackTeam "Illingen"]
[WhiteTeamCountry "GER"]
[BlackTeamCountry "GER"]

1. e4 e6 2. d4 d5 3. Nc3 Nf6 4. Bg5 dxe4 5. Nxe4 Be7 6. Bxf6 Bxf6 7. Nf3 0-0 8. Bd3 Bxd4 9. c3 Bf6 10. Qe2 Nd7 11. 0-0-0 Qe7 12. h4 Rd8 13. Nfg5 Nf8 14. Qf3 Bd7 15. Nxf6+ Qxf6 16. Qxb7 Ba4 17. Rd2 c6 18. Rh3 Rab8 19. Qc7 Rbc8 20. Qa5 Bb5 21. Rf3 Qxf3 22. Bxh7+ Kh8 23. gxf3 Rxd2 24. Kxd2 Nxh7 25. a4 Nxg5 26. hxg5 Bc4 27. Qxa7 e5 28. Qe7 Be6 29. g6 1-0

[Event "Oberliga Sued W 0405"]
[Site "Germany"]
[Date "2005.02.13"]
[Round "7.5"]
[White "Bruch, Ingo"]
[Black "Biegler, Markus"]
[Result "1-0"]
[WhiteElo "2227"]
[BlackElo "2048"]
[PlyCount "63"]
[EventDate "2004.10.03"]
[EventType "team-tourn"]
[EventRounds "9"]
[EventCountry "GER"]
[SourceTitle "EXT 2009"]
[Source "ChessBase"]
[SourceDate "2008.11.26"]
[SourceVersion "1"]
[SourceVersionDate "2008.11.26"]
[SourceQuality "1"]
[WhiteTeam "Saarbruecken"]
[BlackTeam "Illingen"]
[WhiteTeamCountry "GER"]
[BlackTeamCountry "GER"]

1. Nf3 b6 2. Nc3 Bb7 3. e4 g6 4. d4 Bg7 5. Bc4 Nf6 6. e5 Ng8 7. d5 d6 8. e6 f5 9. h4 Nf6 10. h5 Rg8 11. hxg6 hxg6 12. Nh4 Bf8 13. Bg5 c6 14. Bxf6 exf6 15. Nxg6 Qc7 16. Qh5 Qg7 17. Nxf8+ Kxf8 18. Qxf5 cxd5 19. Nxd5 Nc6 20. Qxf6+ Qxf6 21. Nxf6 Rxg2 22. Rh7 Rg7 23. Nd7+ Kg8 24. Rxg7+ Kxg7 25. 0-0-0 Ne7 26. Rxd6 Rh8 27. Nxb6 Bf3 28. Rd7 Rh1+ 29. Kd2 Kf6 30. Rxa7 Rd1+ 31. Kc3 Rd6 32. Rxe7 1-0

[Event "Oberliga Sued W 0405"]
[Site "Germany"]
[Date "2004.11.14"]
[Round "2.6"]
[White "Biegler, Markus"]
[Black "Kolbus, Dietmar"]
[Result "0-1"]
[WhiteElo "2048"]
[BlackElo "2350"]
[PlyCount "110"]
[EventDate "2004.10.03"]
[EventType "team-tourn"]
[EventRounds "9"]
[EventCountry "GER"]
[SourceTitle "EXT 2009"]
[Source "ChessBase"]
[SourceDate "2008.11.26"]
[SourceVersion "1"]
[SourceVersionDate "2008.11.26"]
[SourceQuality "1"]
[WhiteTeam "Illingen"]
[BlackTeam "Trier"]
[WhiteTeamCountry "GER"]
[BlackTeamCountry "GER"]

1. c4 Nf6 2. Nc3 d5 3. cxd5 Nxd5 4. g3 Nb6 5. Nf3 g6 6. Bg2 Bg7 7. 0-0 Nc6 8. d3 0-0 9. Be3 h6 10. Bc5 Re8 11. d4 Nd7 12. Ba3 Nf8 13. d5 Ne5 14. Nxe5 Bxe5 15. Rc1 Bd7 16. Qd3 Bd6 17. Bxd6 exd6 18. Rfd1 a5 19. Rd2 b6 20. Qd4 Ra7 21. h3 Nh7 22. e4 Qf6 23. Qd3 Qg7 24. f4 f5 25. Qd4 fxe4 26. Nxe4 Re7 27. g4 Qxd4+ 28. Rxd4 Kg7 29. Kf2 Nf6 30. Nxf6 Kxf6 31. Re4 Rxe4 32. Bxe4 Be8 33. h4 Bf7 34. Ke3 a4 35. Kd4 Kg7 36. Rc3 Kf6 37. Rc1 Kg7 38. Rc3 Kf6 39. a3 Be8 40. g5+ Kg7 41. Bf3 hxg5 42. fxg5 Bf7 43. Bg4 Ra5 44. Be6 c5+ 45. Ke4 Be8 46. Rf3 Rb5 47. Rf2 Rb3 48. Bg4 Rg3 49. Bc8 Rb3 50. Bg4 b5 51. Rf6 Rxb2 52. Rxd6 b4 53. axb4 Rxb4+ 54. Kf3 a3 55. Ra6 Ra4 0-1